Statistics for New York City Landmarks Quiz

Click here to take the quiz!

General Stats

  • This quiz has been taken 49 times
  • The average score is 10 of 14

Answer Stats

Answer% Correct
Statue of Liberty
100%
Times Square
100%
Empire State Building
96%
Brooklyn Bridge
93%
Central Park
87%
One World Trade Center
84%
Chrysler Building
76%
Ellis Island
76%
Coney Island
71%
Flatiron Building
67%
Madison Square Garden
58%
Lincoln Center
22%
Charging Bull
16%
Grand Army Plaza
9%

Score Distribution

Percentile by Number Answered

Percent of People with Each Score

Your Score History

You have not taken this quiz